[Event "Charleroi op"]
[Site "Roux"]
[Date "2019.07.27"]
[Round "1"]
[White "Maerevoet, Sim"]
[Black "Uhoda, Philippe"]
[Result "0-1"]
[WhiteElo "2321"]
[BlackElo "2062"]
[PlyCount "72"]
[EventDate "2019.07.27"]
[EventType "swiss"]
[EventRounds "9"]
[EventCountry "BEL"]
[SourceTitle "CBM 191 Extra"]
[Source "ChessBase"]
[SourceDate "2019.09.30"]
[SourceVersion "1"]
[SourceVersionDate "2019.09.30"]
[SourceQuality "1"]

1. e4 e6 2. d4 d5 3. Bd3 Nc6 4. c3 e5 5. exd5 Qxd5 6. Qe2 Qxg2 7. Be4 Qg4 8. Bf3 Qf5 9. d5 Nd8 10. h3 Nf6 11. Nd2 Bd6 12. Ne4 0-0 13. c4 b6 14. Bd2 Nb7 15. h4 Nc5 16. Ng3 Qc2 17. Bc3 Qxe2+ 18. N1xe2 Bg4 19. Bg2 Na4 20. Bh3 Bxh3 21. Rxh3 b5 22. b3 Nxc3 23. Nxc3 bxc4 24. bxc4 Bb4 25. Rc1 c6 26. dxc6 Rac8 27. Ke2 Rxc6 28. Nd1 Nd5 29. Kf3 Nf4 30. Rh1 Nd3 31. Rb1 Rxc4 32. Ne3 Rf4+ 33. Ke2 Nxf2 34. Rhf1 Ne4 35. Rxf4 Nxg3+ 36. Kf3 exf4 0-1

[Event "Cappelle op 33rd"]
[Site "Cappelle la Grande"]
[Date "2017.02.21"]
[Round "5"]
[White "Uhoda, Philippe"]
[Black "Lombart, Philippe"]
[Result "1-0"]
[WhiteElo "2090"]
[BlackElo "1888"]
[PlyCount "73"]
[EventDate "2017.02.18"]
[EventType "swiss"]
[EventRounds "9"]
[EventCountry "FRA"]
[SourceTitle "CBM 177 Extra"]
[Source "ChessBase"]
[SourceDate "2017.04.27"]
[SourceVersion "1"]
[SourceVersionDate "2017.04.27"]
[SourceQuality "1"]

1. g3 Nf6 2. Bg2 g6 3. e4 d6 4. d4 Nbd7 5. Ne2 Bg7 6. h3 0-0 7. Nbc3 c5 8. Be3 cxd4 9. Nxd4 Ne5 10. 0-0 Nc4 11. Bc1 Bd7 12. b3 Ne5 13. Bb2 Rc8 14. Nd5 Ne8 15. c4 Nc6 16. Re1 e6 17. Ne3 Qb6 18. Nxc6 Bxc6 19. Bxg7 Kxg7 20. Qd2 a5 21. Rad1 Qc5 22. Ng4 h5 23. Qh6+ Kg8 24. Nh2 Qe5 25. Nf3 Qg7 26. Qd2 b5 27. cxb5 Bxb5 28. Qxa5 Bd7 29. Rc1 Nf6 30. e5 Rxc1 31. Rxc1 Ne4 32. Qb4 Nc5 33. Qd4 Nb7 34. Rc7 Bc8 35. Qc3 Nc5 36. b4 Ne4 37. Qc2 1-0

[Event "Cappelle op 32nd"]
[Site "Cappelle la Grande"]
[Date "2016.02.16"]
[Round "5"]
[White "Erenberg, Ariel"]
[Black "Uhoda, Philippe"]
[Result "0-1"]
[WhiteElo "2410"]
[BlackElo "2122"]
[PlyCount "164"]
[EventDate "2016.02.13"]
[EventType "swiss"]
[EventRounds "9"]
[EventCountry "FRA"]
[SourceTitle "EXT 2017"]
[Source "ChessBase"]
[SourceDate "2016.10.25"]
[SourceVersion "1"]
[SourceVersionDate "2016.10.25"]
[SourceQuality "1"]

1. d4 d6 2. Nf3 g6 3. c4 Bg7 4. Nc3 Nd7 5. g3 e5 6. Bg2 Ne7 7. 0-0 0-0 8. d5 h6 9. e4 f5 10. Rb1 f4 11. b4 g5 12. Nd2 Nf6 13. c5 g4 14. Re1 Ng6 15. Nc4 Rf7 16. Ba3 Bf8 17. Qa4 h5 18. Qa5 h4 19. cxd6 Bxd6 20. Nxd6 b6 21. Qb5 cxd6 22. Qd3 f3 23. Bf1 hxg3 24. fxg3 Nxd5 25. Nxd5 f2+ 26. Kg2 fxe1Q 27. Rxe1 Be6 28. Be2 Qg5 29. Bc1 Qh5 30. Qe3 Qh3+ 31. Kg1 Raf8 32. Qh6 Qxh6 33. Bxh6 Rc8 34. Ne3 Rc3 35. Nxg4 Rc2 36. Be3 Kg7 37. Nh6 Rfc7 38. Nf5+ Bxf5 39. exf5 Ne7 40. Bg5 Nxf5 41. Bd3 Nd4 42. Rf1 Rxa2 43. Bf6+ Kh6 44. g4 Ne2+ 45. Kh1 Nf4 46. g5+ Kh5 47. Be4 Rc3 48. g6 Nxg6 49. Rf5+ Kg4 50. Rg5+ Kf4 51. Bxg6 Rc1+ 52. Rg1 Rxg1+ 53. Kxg1 a5 54. bxa5 bxa5 55. Be7 Rd2 56. Be8 e4 57. Bh4 e3 58. Bg3+ Ke4 59. Kf1 d5 60. Bc7 a4 61. Bxa4 Kf3 62. Kg1 Ra2 63. Bd1+ e2 64. Bxe2+ Rxe2 65. Kf1 Ra2 66. h4 Kg4 67. Bd8 Rh2 68. Bg5 Kf3 69. Ke1 d4 70. Kd1 Ke4 71. Ke1 Kd3 72. Bf6 Re2+ 73. Kf1 Re6 74. Bg5 Kc2 75. Kf2 d3 76. Kf3 Re5 77. Kf4 Rxg5 78. Kxg5 d2 79. h5 d1Q 80. Kg6 Qd8 81. Kh7 Qe7+ 82. Kg6 Qe8+ 0-1

[Event "BEL-chT 1516"]
[Site "Belgium"]
[Date "2015.11.29"]
[Round "5.7"]
[White "Uhoda, Philippe"]
[Black "Lopez, Jasel"]
[Result "0-1"]
[WhiteElo "2118"]
[BlackElo "2208"]
[PlyCount "52"]
[EventDate "2015.09.27"]
[EventType "team-tourn"]
[EventRounds "11"]
[EventCountry "BEL"]
[SourceTitle "CBM 169 Extra"]
[Source "ChessBase"]
[SourceDate "2015.12.18"]
[SourceVersion "1"]
[SourceVersionDate "2015.12.18"]
[SourceQuality "1"]
[WhiteTeam "Namur"]
[BlackTeam "Jean Jaures"]
[WhiteTeamCountry "BEL"]
[BlackTeamCountry "BEL"]

1. d4 e6 2. c4 c5 3. d5 exd5 4. cxd5 d6 5. Nc3 Be7 6. e4 Bf6 7. Nf3 Ne7 8. Be2 Ng6 9. Be3 0-0 10. 0-0 Qe7 11. Qc2 a6 12. a4 Bg4 13. Rfe1 Nd7 14. Nd2 Bxe2 15. Rxe2 b5 16. axb5 axb5 17. Rxa8 Rxa8 18. Re1 b4 19. Na4 Nde5 20. b3 Ng4 21. Nc4 Bg5 22. Bxg5 Qxg5 23. Qd2 Nf4 24. h4 Qf6 25. Rf1 Ne5 26. Nab6 Nf3+ 0-1

[Event "BEL-chT 1516"]
[Site "Belgium"]
[Date "2015.10.11"]
[Round "2.7"]
[White "Goormachtigh, Johan"]
[Black "Uhoda, Philippe"]
[Result "0-1"]
[WhiteElo "2211"]
[BlackElo "2118"]
[PlyCount "112"]
[EventDate "2015.09.27"]
[EventType "team-tourn"]
[EventRounds "11"]
[EventCountry "BEL"]
[SourceTitle "CBM 168 Extra"]
[Source "ChessBase"]
[SourceDate "2015.10.29"]
[SourceVersion "1"]
[SourceVersionDate "2015.10.29"]
[SourceQuality "1"]
[WhiteTeam "KGSRL"]
[BlackTeam "Namur"]
[WhiteTeamCountry "BEL"]
[BlackTeamCountry "BEL"]

1. d4 Nf6 2. c4 g6 3. Nc3 Bg7 4. e4 d6 5. Nf3 0-0 6. Be2 e5 7. Be3 exd4 8. Nxd4 Re8 9. f3 c6 10. Bf2 d5 11. exd5 cxd5 12. 0-0 Nc6 13. c5 Bf8 14. Kh1 a6 15. Na4 Nh5 16. Qd2 Nxd4 17. Bxd4 Qh4 18. Nc3 Ng3+ 19. Kg1 Nxe2+ 20. Nxe2 Rxe2 21. Qxe2 Qxd4+ 22. Kh1 Be6 23. Rac1 Bxc5 24. Rfd1 Qe3 25. Qc2 Bd6 26. Qd3 Qxd3 27. Rxd3 Kf8 28. Kg1 h5 29. g3 Rd8 30. Kf1 Ke7 31. Rc2 Kf6 32. Rb3 Rb8 33. Rb6 Ke7 34. f4 Kd7 35. a4 Bc7 36. Rb4 b5 37. axb5 Rxb5 38. Rxb5 axb5 39. Rc5 b4 40. Ke2 Bd6 41. Ra5 Bg4+ 42. Ke3 Ke6 43. Rb5 Bh3 44. Kd4 Bg2 45. Rb6 Be4 46. Ra6 Kd7 47. Ra7+ Ke6 48. Ra6 f6 49. Ra7 g5 50. fxg5 Be5+ 51. Kc5 fxg5 52. Kxb4 Bxb2 53. Kc5 Bc1 54. Kd4 Kf5 55. h3 Bb2+ 56. Ke3 Be5 0-1

[Event "Metz op 32nd"]
[Site "Metz"]
[Date "2014.05.07"]
[Round "7"]
[White "Uhoda, Philippe"]
[Black "Mazur, Stefan"]
[Result "1/2-1/2"]
[WhiteElo "2054"]
[BlackElo "2426"]
[PlyCount "131"]
[EventDate "2014.05.03"]
[EventType "swiss"]
[EventRounds "9"]
[EventCountry "FRA"]
[SourceTitle "CBM 160 Extra"]
[Source "ChessBase"]
[SourceDate "2014.07.01"]
[SourceVersion "1"]
[SourceVersionDate "2014.07.01"]
[SourceQuality "1"]

1. d4 Nf6 2. c4 g6 3. Nc3 Bg7 4. e4 d6 5. f4 0-0 6. Nf3 c5 7. Be2 cxd4 8. Nxd4 Nc6 9. Be3 e5 10. Nxc6 bxc6 11. fxe5 dxe5 12. Bc5 Re8 13. Qxd8 Rxd8 14. 0-0 Rd2 15. Rad1 Rxd1 16. Rxd1 Be6 17. b4 Bf8 18. Bxf8 Kxf8 19. Rd6 a5 20. b5 cxb5 21. cxb5 Rc8 22. b6 Ke7 23. Rd1 Nd7 24. Nd5+ Bxd5 25. Rxd5 Rc5 26. b7 Rxd5 27. exd5 Kd6 28. Bb5 Nb8 29. Bc6 f5 30. h4 f4 31. Kf2 h6 32. Kf3 Ke7 33. Ke4 Kd6 34. Bb5 g5 35. hxg5 hxg5 36. Be2 Nd7 37. Kf5 Kxd5 38. Kxg5 Nb8 39. Kf5 Kd4 40. Bf3 Nd7 41. Bc6 Nb8 42. Bb5 Kc5 43. Be2 Kd5 44. Kf6 Kd6 45. Bf3 Na6 46. Kf5 Nb8 47. Ke4 Na6 48. Kd3 Kc5 49. Kc3 Nb8 50. Kb3 Nd7 51. Bg4 Nb8 52. Bf5 Na6 53. Bd3 Nb8 54. Kc3 Kd5 55. Bg6 Na6 56. Bh5 e4 57. Be2 Nb8 58. Bb5 Kc5 59. a4 Kd5 60. Kd2 Kd4 61. Ke2 Kc5 62. Kf2 Kb6 63. g4 fxg3+ 64. Kxg3 Kxb7 65. Kf4 Nc6 66. Kxe4 1/2-1/2

[Event "Metz op 32nd"]
[Site "Metz"]
[Date "2014.05.04"]
[Round "2"]
[White "Uhoda, Philippe"]
[Black "Frick, Christoph"]
[Result "0-1"]
[WhiteElo "2054"]
[BlackElo "2244"]
[PlyCount "104"]
[EventDate "2014.05.03"]
[EventType "swiss"]
[EventRounds "9"]
[EventCountry "FRA"]
[SourceTitle "CBM 160 Extra"]
[Source "ChessBase"]
[SourceDate "2014.07.01"]
[SourceVersion "1"]
[SourceVersionDate "2014.07.01"]
[SourceQuality "1"]

1. d4 d5 2. c4 c6 3. Nf3 Nf6 4. Nc3 dxc4 5. a4 Bf5 6. Ne5 Nbd7 7. Nxc4 Nb6 8. Ne5 a5 9. g3 e6 10. Bg2 Bb4 11. 0-0 0-0 12. Bf4 h6 13. Na2 Be7 14. Nc3 Nbd5 15. Bc1 Bh7 16. Qb3 Nb4 17. Be3 Rb8 18. Rac1 Bd6 19. Nc4 Bc7 20. Na2 Nbd5 21. Bd2 Ne7 22. Rfd1 Ne4 23. Be1 b5 24. Ne5 Bxe5 25. dxe5 Nd5 26. Bxe4 Bxe4 27. f3 bxa4 28. Qxa4 Bg6 29. e4 Nb6 30. Qxa5 Qg5 31. Bf2 Na8 32. Qc3 Nc7 33. h4 Qe7 34. Bc5 Qe8 35. b4 Nb5 36. Qe3 Ra8 37. Qf2 Ra3 38. Rc2 f5 39. Bxf8 Qxf8 40. Rxc6 fxe4 41. f4 Rf3 42. Qg2 Qa8 43. Rc5 Qa3 44. Kh2 Qe3 45. Rc8+ Kh7 46. Rdd8 Bh5 47. Rd2 Rxg3 48. Qxg3 Qxd2+ 49. Qg2 Qxf4+ 50. Qg3 Qd2+ 51. Qg2 e3 52. Rb8 Bf3 0-1

[Event "Charleroi op"]
[Site "Charleroi"]
[Date "2012.07.30"]
[Round "3"]
[White "Grillmaier, Philippe"]
[Black "Uhoda, Philippe"]
[Result "1-0"]
[WhiteElo "1830"]
[BlackElo "2106"]
[PlyCount "109"]
[EventDate "2012.07.28"]
[EventType "swiss"]
[EventRounds "9"]
[EventCountry "BEL"]
[SourceTitle "CBM 149 Extra"]
[Source "ChessBase"]
[SourceDate "2012.08.24"]
[SourceVersion "1"]
[SourceVersionDate "2012.08.24"]
[SourceQuality "1"]

1. d4 Nf6 2. Nc3 d5 3. Bg5 Nbd7 4. Nf3 c6 5. Qd3 g6 6. e4 dxe4 7. Nxe4 Nxe4 8. Qxe4 Bg7 9. Bc4 Nf6 10. Qe2 0-0 11. 0-0 Bg4 12. c3 h6 13. Bh4 g5 14. Bg3 Nd5 15. Rfe1 e6 16. Bd3 Qf6 17. Be5 Bxf3 18. gxf3 Qe7 19. Qe4 f5 20. Qe2 Rae8 21. Qc2 Bxe5 22. Rxe5 Qf7 23. Rae1 Qh5 24. Qd1 Nf4 25. Bf1 Rf6 26. R1e3 Ref8 27. Bc4 Nh3+ 28. Kf1 Nf4 29. Kg1 Nh3+ 30. Kf1 Qh4 31. Qc2 Nf4 32. Bxe6+ Rxe6 33. Rxe6 Qxh2 34. Ke1 Qg1+ 35. Kd2 Qxf2+ 36. Kd1 Qxc2+ 37. Kxc2 Nxe6 38. Rxe6 Kg7 39. Kd3 g4 40. Ke3 f4+ 41. Kf2 g3+ 42. Kg2 Rf5 43. Re7+ Rf7 44. Re4 Kg6 45. c4 h5 46. Re6+ Rf6 47. Re7 Rf7 48. Re6+ Kg5 49. Re5+ Rf5 50. Re7 Ra5 51. a3 b6 52. Re6 c5 53. d5 Ra4 54. Re5+ Kf6 55. Re4 1-0

[Event "Charleroi op"]
[Site "Charleroi"]
[Date "2011.08.03"]
[Round "6"]
[White "Schuermans, Robert"]
[Black "Uhoda, Philippe"]
[Result "1/2-1/2"]
[WhiteElo "2143"]
[BlackElo "2100"]
[PlyCount "135"]
[EventDate "2011.07.30"]
[EventType "swiss"]
[EventRounds "9"]
[EventCountry "BEL"]
[SourceTitle "EXT 2012"]
[Source "ChessBase"]
[SourceDate "2011.11.24"]
[SourceVersion "1"]
[SourceVersionDate "2011.11.24"]
[SourceQuality "1"]

1. e4 c5 2. Nf3 Nc6 3. d4 cxd4 4. Nxd4 Nf6 5. Nc3 d6 6. Bc4 Qb6 7. Nxc6 bxc6 8. 0-0 g6 9. Qe1 Bg7 10. e5 dxe5 11. Qxe5 Qb4 12. Qf4 Qb8 13. Qf3 0-0 14. h3 Qb6 15. Bb3 Bb7 16. Na4 Qa5 17. c4 Rab8 18. Qe3 Rfe8 19. Bd2 Qc7 20. Bc3 e5 21. Nc5 Bc8 22. Rad1 Bf8 23. Nd3 Nd7 24. c5 Ba6 25. Qf3 Rxb3 26. axb3 e4 27. Qe3 Re7 28. Qd4 f6 29. Nb4 Bxf1 30. Rxf1 Bg7 31. Qd6 Qxd6 32. cxd6 Re6 33. Rd1 c5 34. Nc6 Bf8 35. Nxa7 Rxd6 36. Rxd6 Bxd6 37. Nb5 Bf8 38. Nc7 Kf7 39. Kf1 Bd6 40. Nb5 Bf8 41. Nc7 f5 42. Ke2 Nb8 43. f3 exf3+ 44. gxf3 g5 45. Kd3 h5 46. Kc4 g4 47. fxg4 fxg4 48. hxg4 hxg4 49. Kd5 Nd7 50. Be1 Nf6+ 51. Ke5 Kg6 52. Ne6 Nd7+ 53. Kf4 Bh6+ 54. Kxg4 Ne5+ 55. Kg3 Nd3 56. Bf2 Kf5 57. Nxc5 Nxc5 58. Bxc5 Ke4 59. Kf2 Kd5 60. Ba3 Kd4 61. Ke2 Ke4 62. Be7 Bc1 63. Bf6 Kd5 64. Kd3 Kc5 65. Bd4+ Kb5 66. Kc2 Bg5 67. Kc3 Bf4 68. Bh8 1/2-1/2

[Event "Charleroi op"]
[Site "Charleroi"]
[Date "2010.08.04"]
[Round "6"]
[White "Uhoda, Philippe"]
[Black "Lombart, Philippe"]
[Result "1/2-1/2"]
[WhiteElo "2143"]
[BlackElo "1988"]
[PlyCount "95"]
[EventDate "2010.07.31"]
[EventType "swiss"]
[EventRounds "9"]
[EventCountry "BEL"]
[SourceTitle "CBM 137 Extra"]
[Source "ChessBase"]
[SourceDate "2010.09.01"]
[SourceVersion "1"]
[SourceVersionDate "2010.09.01"]
[SourceQuality "1"]

1. d4 d5 2. c4 e6 3. Nc3 Bb4 4. cxd5 exd5 5. Nf3 Nf6 6. Bg5 0-0 7. Qb3 Nc6 8. a3 Bxc3+ 9. Qxc3 Ne4 10. Bxd8 Nxc3 11. Bxc7 Nb5 12. Be5 f6 13. e3 Nxa3 14. Rxa3 fxe5 15. Nxe5 Nxe5 16. dxe5 Bf5 17. Be2 Rfc8 18. Rc3 Rxc3 19. bxc3 a5 20. Kd2 a4 21. Ra1 Kf7 22. Ra3 Ke6 23. f4 Ra5 24. Bd3 g6 25. Bc2 b5 26. Bd1 h5 27. Be2 Kd7 28. Kc1 Kc6 29. Kb2 Kc5 30. Ra2 b4 31. cxb4+ Kxb4 32. Ra3 Bc2 33. Bd3 Bb3 34. Bxg6 Rc5 35. e6 Rc7 36. g3 d4 37. exd4 Bxe6 38. Bxh5 Bb3 39. Bg6 Re7 40. Bh5 Re3 41. Ra1 Rd3 42. Re1 Rd2+ 43. Ka1 a3 44. Bg6 Ra2+ 45. Kb1 Rb2+ 46. Ka1 Ra2+ 47. Kb1 Rb2+ 48. Ka1 1/2-1/2